Normal view
MARC view
- Hiley,John
Entry Personal Name
001 - CONTROL NUMBER
- control field: 83191
003 - CONTROL NUMBER IDENTIFIER
- control field: NUST
005 - DATE AND TIME OF LATEST TRANSACTION
- control field: 20211015094604.0
008 - FIXED-LENGTH DATA ELEMENTS
- fixed length control field: 211015|| aca||aabn | a|a d
040 ## - CATALOGING SOURCE
- Original cataloging agency: NUST
- Transcribing agency: NUST
100 ## - HEADING--PERSONAL NAME
- Personal name: Hiley,John
670 ## - SOURCE DATA FOUND
- Source citation: Work cat.: (NUST)33815: Hiley,John, Electrical And Electronic Technology /, 2013.
